Shape-shifting animals / by Natalie Lunis.
Meet 8 amazing shape-shifting animals that use their abilities to scare off, escape from, or appear less tasty to their enemies. Eye-popping photographs and clear, simple text bring these one-of-a-kind creatures to life.
Record details
- ISBN: 9781627240796 (library binding)
- ISBN: 1627240799 (library binding)
- Physical Description: 24 pages : color illustrations ; 26 cm.
- Publisher: New York, N.Y. : Bearport Publishing, [2014]
- Copyright: ©2014.
Content descriptions
| Bibliography, etc. Note: | Includes bibliographical references (page 24) and index. |
| Formatted Contents Note: | Shape-shifters -- Cuttlefish -- Mimic octopus -- Blanket octopus -- Puffer fish -- Snake mimic caterpillar -- Frilled lizard -- Three-banded armadillo -- Bird-dropping spider -- More about shape-shifting animals. |
Search for related items by subject
| Subject: | Animal defenses > Juvenile literature. |
Search for related items by series
Available copies
- 1 of 1 copy available at scottsboropl.
Holds
- 0 current holds with 1 total copy.
Show Only Available Copies
| Location | Call Number / Copy Notes | Barcode | Shelving Location | Status | Due Date |
|---|---|---|---|---|---|
| scottsboropl | E 591.47 Lun | 32269000942170 | Juvenile - Easy NonFiction | Available | - |
| LDR | 01626nam a22003618i 4500 | ||
|---|---|---|---|
| 001 | 137108 | ||
| 003 | CONS | ||
| 005 | 20140703073309.0 | ||
| 008 | 130722s2014 nyua j b 001 0 eng | ||
| 010 | . | ‡a 2013029546 | |
| 020 | . | ‡a9781627240796 (library binding) | |
| 020 | . | ‡a1627240799 (library binding) | |
| 035 | . | ‡a(CPomAG)LMN566304 | |
| 050 | 0 | 0. | ‡aQL759 ‡b.L86 2014 |
| 082 | 0 | 0. | ‡a591.47 ‡223 |
| 100 | 1 | . | ‡aLunis, Natalie, ‡eauthor. |
| 245 | 1 | 0. | ‡aShape-shifting animals / ‡cby Natalie Lunis. |
| 263 | . | ‡a1403 | |
| 264 | 1. | ‡aNew York, N.Y. : ‡bBearport Publishing, ‡c[2014] | |
| 264 | 4. | ‡c©2014. | |
| 300 | . | ‡a24 pages : ‡bcolor illustrations ; ‡c26 cm. | |
| 336 | . | ‡atext ‡2rdacontent | |
| 337 | . | ‡aunmediated ‡2rdamedia | |
| 338 | . | ‡avolume ‡2rdacarrier | |
| 490 | 1 | . | ‡aAnimals with super powers |
| 504 | . | ‡aIncludes bibliographical references (page 24) and index. | |
| 505 | 0 | . | ‡aShape-shifters -- Cuttlefish -- Mimic octopus -- Blanket octopus -- Puffer fish -- Snake mimic caterpillar -- Frilled lizard -- Three-banded armadillo -- Bird-dropping spider -- More about shape-shifting animals. |
| 520 | . | ‡aMeet 8 amazing shape-shifting animals that use their abilities to scare off, escape from, or appear less tasty to their enemies. Eye-popping photographs and clear, simple text bring these one-of-a-kind creatures to life. | |
| 650 | 0. | ‡aAnimal defenses ‡vJuvenile literature. | |
| 830 | 0. | ‡aAnimals with super powers. | |
| 914 | . | ‡aSCP_jd | |
| 959 | . | ‡i32269000942170 ‡lJ591.47 Lun ‡aJuvenile - NonFiction ‡tJuv Nonfiction ‡g17.00 | |
| 852 | . | ‡p32269000942170 ‡jJ591.47 Lun ‡gJuvenile - NonFiction ‡cJuv Nonfiction ‡y17.00 ‡bSBPL | |
| 901 | . | ‡a137108 ‡bUnknown ‡c137108 ‡tbiblio | |